Multidimensional singular integrals and integral equations /
Guardado en:
| Autor Principal: | |
|---|---|
| Formato: | Libro |
| Idioma: | English Russian |
| Publicado: |
Oxford ; New York :
Pergamon Press,
1965.
|
| Edición: | 1st English ed. |
| Series: | International series of monographs in pure and applied mathematics ;
v. 83 |
| Materias: | |
| Etiquetas: |
Agregar Etiqueta
Sin Etiquetas, Sea el primero en etiquetar este registro!
|
| LEADER | 00924cam a22002415a 4500 | ||
|---|---|---|---|
| 001 | MAT.inmabb006269 | ||
| 008 | 741030s1965####enka#####b####001#0#eng## | ||
| 005 | 20130404094205.0 | ||
| 245 | 1 | 0 | |a Multidimensional singular integrals and integral equations / |c by S. G. Mikhlin ; translated from the Russian by W. J. A. Whyte ; translation edited by I. N. Sneddon. |
| 250 | |a 1st English ed. | ||
| 260 | |a Oxford ; |a New York : |b Pergamon Press, |c 1965. | ||
| 300 | |a xii, 259 p. : |b il. ; |c 22 cm. | ||
| 440 | 0 | |a International series of monographs in pure and applied mathematics ; |v v. 83 | |
| 504 | |a Bibliografía: p. 241-249. | ||
| 510 | 4 | |a MR, |c 32 #2866 | |
| 100 | 1 | |a Mikhlin, S. G. |q (Solomon Grigor´evich), |d 1908- | |
| 650 | 0 | |a Integral equations. | |
| 650 | 0 | |a Integrals. | |
| 084 | |a 45 |2 msc2000 | ||
| 010 | |a 64021900 | ||
| 040 | |a DLC |c MBNU |d OCoLC |d Uk |d DLC | ||
| 041 | 1 | |a eng |h rus | |
| 859 | |h 45 |i M636m |p A-2796 |b BIB. MATEMATICA | ||
